Statistics for Global Cities with the Coolest Summer Nights

Click here to take the quiz!

General Stats

  • This quiz has been taken 13 times
  • The average score is 12 of 24

Answer Stats

HintAnswer% Correct
12Glasgow
82%
12Dublin
73%
12Edinburgh
73%
13Manchester
73%
13Oslo
73%
10Calgary
64%
12Edmonton
64%
4La Paz
64%
13Amsterdam
55%
12Belfast
55%
10Bogotá
55%
13Hamburg
55%
13Mexico City
55%
10Quito
55%
13Rotterdam
55%
12Riga
45%
12Santiago
45%
13Wellington
45%
13Bristol
36%
13San Francisco
36%
13Cologne
27%
12Katowice
27%
13Luxembourg
18%
13Stuttgart
18%

Score Distribution

Percentile by Number Answered

Percent of People with Each Score

Your Score History

You have not taken this quiz